Medical Law (Record no. 32481)

MARC details
000 -LEADER
fixed length control field 00374nam a2200169Ia 4500
020 ## - INTERNATIONAL STANDARD BOOK NUMBER
ISBN 978-1-292-21025-4
050 ## - CALL MARK
Classification number KN 185 .H4/
100 ## - STATEMENT OF RESPONSIBILITY--MAIN AUTHOR NAME
Personal name Herring Jonathan
245 #0 - TITLE STATEMENT
Title Medical Law
250 ## - EDITION / VOLUME STATEMENT
Edition / Volume statement 6th.ed.
260 ## - PUBLICATION, DISTRIBUTION, ETC. (IMPRINT)
Year of publication 2019
300 ## - PHYSICAL DESCRIPTION
Number of Pages 163 p
650 ## - SUBJECT ADDED ENTRY--TOPICAL TERM
Topical Term medical law
942 ## - ADDED ENTRY ELEMENTS (KOHA)
Koha item type Books
Holdings
Withdrawn status Lost status Source of classification or shelving scheme Damaged status Not for loan Permanent Location Current Location Date acquired Accession Number Price effective from Koha item type
    Library of Congress Classification     Law Library Law Library 04/23/2025 0188000 04/23/2025 Books